Statistics for Má Vlast, by Smetana

Click here to take the quiz!

General Stats

  • This quiz has been taken 26 times
  • The average score is 4 of 6

Answer Stats

#cluepiece% Correct
2Prague's riverVltava
The Moldau
100%
1a castle in PragueVyšehrad
The High Castle
70%
3female warrior from the legend The Maidens' WarŠárka
65%
4the general Czech landscapeZ českých luhů a hájů
From Bohemia's woods and fields
65%
6small Czech mountain, the setting for many legendsBlaník
61%
5small Czech city (pop 35,000)Tábor
57%

Score Distribution

Percentile by Number Answered

Percent of People with Each Score

Your Score History

You have not taken this quiz